BIBLIOTECA PODER JUDICIAL
Portal Judicial TDF

Reflexiones en torno de la suspensión del proceso a prueva en casos de violencia de género / (Registro nro. 5419)

000 -LEADER
fixed length control field 02731nmm a22002777a 4500
003 - CONTROL NUMBER IDENTIFIER
control field OSt
005 - DATE AND TIME OF LATEST TRANSACTION
control field 20250327105508.0
008 - FIXED-LENGTH DATA ELEMENTS--GENERAL INFORMATION
fixed length control field 191018e xxu|||||o||d| 00| 0 spa d
040 ## - CATALOGING SOURCE
Transcribing agency PJ
100 ## - MAIN ENTRY--PERSONAL NAME
9 (RLIN) 6440
Personal name Páramo, Gabriel E.
245 13 - TITLE STATEMENT
Title Reflexiones en torno de la suspensión del proceso a prueva en casos de violencia de género /
Statement of responsibility, etc Gabriel E. Páramo.
260 ## - PUBLICATION, DISTRIBUTION, ETC. (IMPRINT)
Place of publication, distribution, etc San José :
Name of publisher, distributor, etc Revista Electrónica de Estudios Penales y de la Seguridad,
Date of publication, distribution, etc 2019.
300 ## - PHYSICAL DESCRIPTION
Extent 1 recurso en línea (21 p.).
500 ## - GENERAL NOTE
General note Artículo de doctrina. Publicado en Revista Electrónica de Estudios Penales y de la Seguridad. Nº 5 Especial (2019).<br/>ISSN: 2531-1565
505 ## - FORMATTED CONTENTS NOTE
Formatted contents note En el presente artículo me propongo reflexionar acerca de la aplicación de soluciones alternativas al conflicto penal como la suspensión del proceso a prueba (probation), en casos de violencia contra las mujeres/de género. Me concentraré en las discusiones jurisprudenciales que han tenido lugar en la Argentina, a partir del fallo "GÓNGORA" de la Corte Suprema de Justicia. Los lineamientos que emergen de dicho precedente, relativos al modo en que deben ser interpretadas las disposiciones de la Convención Interamericana para Prevenir, Sancionar y Erradicar la Violencia contra la Mujer, han obligado a los tribunales de jerarquía inferior a realizar, en cada caso, un exhaustivo análisis que les permita determinar si resulta o no procedente la suspensión del proceso a prueba, de conformidad con la citada doctrina del Máximo Tribunal. Los aportes efectuados por estos pronunciamientos al estudio de la cuestión, serán relevados a lo largo de este trabajo.
505 ## - FORMATTED CONTENTS NOTE
Formatted contents note 1. LA SUSPENSIÓN DEL PROCESO A PRUEBA (PROBATION) EN EL SISTEMA PENAL ARGENTINO. DEFINICIONES Y CONTORNOS. 2. EL FALLO “GÓNGORA”. 3. REPERCUSIONES DEL FALLO “GÓNGORA”. 3.1. Interpretación de los términos<br/>“sancionar” y “juicio oportuno”. 3.2 Relevancia de la opinión del acusador público y de la víctima. 3.3. Necesidad de contemplar las particularidades de cada caso. 3.4. Acerca del encuadre de la situación como de violencia de género. 3.5. El caso “C”. 4.<br/>CONSIDERACIONES FINALES. 5. BIBLIOGRAFÍA.
505 ## - FORMATTED CONTENTS NOTE
Title ¿Te interesa el texto completo? Solícitalo a koha@justierradelfuego.gov.ar
650 #0 - SUBJECT ADDED ENTRY--TOPICAL TERM
9 (RLIN) 343
Topical term or geographic name as entry element DERECHO PENAL
650 #0 - SUBJECT ADDED ENTRY--TOPICAL TERM
9 (RLIN) 3053
Topical term or geographic name as entry element VIOLENCIA DE GÉNERO
650 #0 - SUBJECT ADDED ENTRY--TOPICAL TERM
9 (RLIN) 2837
Topical term or geographic name as entry element SUSPENSIÓN DEL JUCIO A PRUEBA
650 #0 - SUBJECT ADDED ENTRY--TOPICAL TERM
9 (RLIN) 4044
Topical term or geographic name as entry element PERSPECTIVA DE GÉNERO
650 #0 - SUBJECT ADDED ENTRY--TOPICAL TERM
Topical term or geographic name as entry element JURISPRUDENCIA APLICABLE
9 (RLIN) 1057
650 #0 - SUBJECT ADDED ENTRY--TOPICAL TERM
Topical term or geographic name as entry element FALLOS DE LA CORTE SUPREMA
9 (RLIN) 699
856 ## - ELECTRONIC LOCATION AND ACCESS
Uniform Resource Identifier <a href="http://justierradelfuego.gov.ar/wp-content/uploads/2025/03/REFLEXIONES-EN-TORNO-DE-LA-SUSPENSION-DEL-PROCESO-A-PRUEBA.pdf">http://justierradelfuego.gov.ar/wp-content/uploads/2025/03/REFLEXIONES-EN-TORNO-DE-LA-SUSPENSION-DEL-PROCESO-A-PRUEBA.pdf</a>
Link text Acceso a documento
942 ## - ADDED ENTRY ELEMENTS (KOHA)
Source of classification or shelving scheme
Koha item type Archivos electrónicos (en soportes)

No hay ítems disponibles.

12 de Octubre 789 Ushuaia - Tel:  54(02901)441571
Horario de Atención: 8.00 a 17.00 hs. 
bibliotecaush@justierradelfuego.gov.ar
koha@justierradelfuego.gov.ar
Seguinos en nuestras redes @bibliojustdf 

Con tecnología Koha